LEADER 02888nam0 2200565 i 450 001 UBO2149490 005 20251003044421.0 010 $a8843803980 020 $aIT$b2004-3684 100 $a20160727d2003 ||||0itac50 ba 101 | $aita 102 $ait 181 1$6z01$ai $bxxxe 182 1$6z01$an 183 1$6z01$anc$2RDAcarrier 200 1 $aˆLa ‰privatizzazione del mondo$fJean Ziegler$gtraduzione di Monica Fiorini 210 $aMilano$cTropea$d[2003] 215 $a313 p.$d22 cm 225 | $aˆLe ‰querce 300 $aCompl. del tit. in cop.: Padroni, predatori e mercenari del mercato globale. 410 0$1001LO10395223$12001 $aˆLe ‰querce 500 10$aˆLes ‰nouveaux maîtres du monde et ceux qui leur résistent.$3CFI0576507$9CFIV071969$915748 606 $aGlobalizzazione$xAspetti economici e sociali$2FIR$3MILC127138$9I 606 $aEconomia mondiale$2FIR$3CFIC040544$9E 676 $a306.3$9ISTITUZIONI ECONOMICHE$v12 676 $a320.5$9IDEOLOGIE POLITICHE$v23 676 $a337$9ECONOMIA INTERNAZIONALE$v14 676 $a337$9ECONOMIA INTERNAZIONALE$v19 676 $a337$9ECONOMIA INTERNAZIONALE$v21 676 $a337.09049$9ECONOMIA INTERNAZIONALE. 1990-1999$v21 676 $a337.09051$9ECONOMIA INTERNAZIONALE. 2000-2019$v20 676 $a337.09051$9ECONOMIA INTERNAZIONALE. 2000-2019$v21 686 $a537.0$cMERCATO GLOBALE 1989-2001$2R 686 $a637.0$cMERCATO GLOBALE 2001-2022$2R 686 $aX00.1$cINTERPRETAZIONI ED ASPETTI GENERALI$2R 696 $aMondializzazione 699 $aGlobalizzazione$yMondializzazione 700 1$aZiegler$b, Jean$f <1934- >$3CFIV071969$4070$0298981 702 1$aFiorini$b, Monica$3FERV075561 801 3$aIT$bIT-000000$c20160727 850 $aIT-BN0095 $aIT-NA0079 $aIT-NA0206 $aIT-NA0452 901 $bNAP FA$cA $n$ 901 $bNAP BN$cMAGAZZINO $nmagazzini correnti divisi per anni 901 $bNAP IS$cISSM $nSezione di studi sociali dell'attuale Istituto di studi sulle società del Mediterraneo 901 $bNAP 01$cPOZZO LIB.$nVi sono collocati fondi di economia, periodici di ingegneria e scienze, periodici di economia e statistica e altri fondi comprendenti documenti di economia pervenuti in dono. 912 $aUBO2149490 950 0$aBiblioteca Centralizzata di Ateneo$c1 v. in due copie$d 01POZZO LIB.ECON MON 4679$e 01C 0080013975E VMA 1 v. (Precedente collocazione: EC C 00 1450)$fB $h20130408$i20130408$c1 v. in due copie$d 01POZZO LIB.ECON MON 4679$e 01C 0080014505E VMA (bis 1 v. (2. copia. - Precedente collocazione: EC C 00 1450)$fB $h20130408$i20130408 977 $a 01$a BN$a FA$a IS 996 $aNouveaux maîtres du monde et ceux qui leur résistent$915748 997 $aUNISANNIO